La Forma En Que Me Miras - Super Yei, Myke Towers, Lenny Tavárez... - Estadísticas

Estadísticas generales
  • Esta prueba ha sido intentada 41 veces
  • La puntuación promedio es 555 de 709
Estadísticas de respuestas
Letra % Correcto
a
100%
en
100%
la
100%
La
100%
me
100%
Me
100%
mi
100%
100%
miras
100%
No
100%
no
100%
pecar
100%
que
100%
qué
100%
Qué
100%
buscar
93%
como
93%
cómo
93%
de
93%
De
93%
Donde
93%
dónde
93%
el
93%
él
93%
El
93%
nos
93%
pa
93%
Por
93%
por
93%
pueden
93%
Quiero
93%
quiero
93%
93%
se
93%
93%
Si
93%
si
93%
ubicar
93%
un
93%
Un
93%
y
93%
Y
93%
conozco
87%
Dime
87%
es
87%
Es
87%
forma
87%
incitas
87%
llevar
87%
llevarte
87%
lugar
87%
par
87%
salgo
87%
solo
87%
Solo
87%
te
87%
Te
87%
87%
Tu
87%
tu
87%
87%
único
87%
va
87%
vaya
87%
vayan
87%
Yo
87%
yo
87%
Cuando
80%
cuándo
80%
cuando
80%
culpar
80%
esta
80%
Las
80%
las
80%
lo
80%
olvida
80%
pasado
80%
soy
80%
voy
80%
decida
73%
estamos
73%
hay
73%
involucrar
73%
preocupar
73%
su
73%
tuyo
73%
conmigo
67%
da
67%
hacemos
67%
momento
67%
solos
67%
ven
67%
Ya
67%
baby
60%
cada
60%
camino
60%
cual
60%
después
60%
fue
60%
fuera
60%
más
60%
Porque
60%
porque
60%
quien
60%
Sigue
60%
vino
60%
bellaca
53%
borran
53%
cara
53%
Daría
53%
fuéramos
53%
hicimos
53%
le
53%
mente
53%
sea
53%
todas
53%
veces
53%
vecinos
53%
Contigo
47%
ella
47%
enterar
47%
excitándome
47%
llama
47%
para
47%
Para
47%
rico
47%
saco
47%
siente
47%
sin
47%
ti
47%
ahorran
40%
comemos
40%
cuerpo
40%
deja
40%
ganas
40%
ir
40%
mis
40%
nadie
40%
ni
40%
pensarlo
40%
pone
40%
prendías
40%
primera
40%
Sabe
40%
siempre
40%
vemos
40%
verme
40%
amanece
33%
apaga
33%
así
33%
Así
33%
brazos
33%
caliente
33%
celular
33%
cuenta
33%
déjate
33%
dejo
33%
Devórame
33%
devórame
33%
enrolaba
33%
hasta
33%
impida
33%
irte
33%
luz
33%
nunca
33%
pecado
33%
Pero
33%
pero
33%
pertenece
33%
prendida
33%
Quédate
33%
sepa
33%
Vuelve
33%
Adentro
27%
Avísame
27%
besé
27%
caí
27%
creo
27%
día
27%
Disfruta
27%
Matamos
27%
menos
27%
miré
27%
mismo
27%
pide
27%
podemos
27%
puse
27%
quedar
27%
quisiera
27%
sabemos
27%
seamos
27%
seguir
27%
siguiera
27%
volviera
27%
bien
20%
comencé
20%
conoce
20%
decir
20%
deseo
20%
detenernos
20%
entre
20%
éxtasis
20%
hago
20%
loca
20%
loco
20%
mañana
20%
morir
20%
nosotros
20%
olvidemos
20%
pegué
20%
puso
20%
Quizás
20%
tal
20%
Todo
20%
toqué
20%
fingir
13%
Hacértelo
13%
Infieles
13%
matemos
13%
tantas
13%
tenemos
13%
choque
7%
Hagámoslo
7%
hookié
7%
llegue
7%
pinché
0%
No se encontraron pruebas coincidentes
Distribución de puntuación
Porcentaje de gente con cada puntuación
Porcentaje por número respondido
Historial de tus puntuaciones
No has intentado esta prueba.